000 00585nam a2200181Ia 4500
008 151018s9999 xx 000 0 und d
082 _bRBASDV47987
_a891.433
100 _aशर्मा क्षीरसागर
245 _aमेहनत कि जीत
250 _b1
260 _bअपराजिता
_c2008
300 _a160
600 _aशर्मा क्षीरसागर
630 _aमेहनत कि जीत
700 _aशर्मा क्षीरसागर
730 _aमेहनत कि जीत
942 _cBOOK
999 _c1047117
_d1047114